In Japan Liegt das Glück Auf Dem Land : Narrative Zur Stadt-Land-Migration Zwischen Selbstverwirklichung und Gemeinwohl.

Bibliographic Details
Main Author: Lewerich, Ludgera.
Format: eBook
Language:German
Published: Düsseldorf : Walter de Gruyter GmbH, 2024.
Edition:1st ed.
Subjects:
Online Access:Click to View
LEADER 02025nam a22003493i 4500
001 EBC31465762
003 MiAaPQ
005 20240729202206.0
006 m o d |
007 cr cnu||||||||
008 240729s2024 xx o ||||0 ger d
020 |a 9783111329574  |q (electronic bk.) 
035 |a (MiAaPQ)EBC31465762 
035 |a (Au-PeEL)EBL31465762 
035 |a (OCoLC)1439600755 
040 |a MiAaPQ  |b eng  |e rda  |e pn  |c MiAaPQ  |d MiAaPQ 
100 1 |a Lewerich, Ludgera. 
245 1 0 |a In Japan Liegt das Glück Auf Dem Land :  |b Narrative Zur Stadt-Land-Migration Zwischen Selbstverwirklichung und Gemeinwohl. 
250 |a 1st ed. 
264 1 |a Düsseldorf :  |b Walter de Gruyter GmbH,  |c 2024. 
264 4 |c {copy}2024. 
300 |a 1 online resource (198 pages) 
336 |a text  |b txt  |2 rdacontent 
337 |a computer  |b c  |2 rdamedia 
338 |a online resource  |b cr  |2 rdacarrier 
505 0 |a Intro -- Vorwort -- Inhalt -- 1 Einleitung -- 2 Individualisierung in Japan: Von der Nachkriegszeit bis in die Gegenwart -- 3 Verfall und Idylle: Repräsentationen des ländlichen Japans -- 4 Subjektivierungsforschung: Selbst-Erzählungen als diskursive Positionierungen -- 5 Der Diskurs um Stadt-Land-Migration zwischen Verheißung und Verpflichtung -- 6 Die tatsächlichen Subjektivierungsweisen: Von Selbstverwirklichung, Freiheit und Gemeinwohlorientierung -- 7 Diskussion: Vom Glück auf dem Land -- Literaturverzeichnis -- Register. 
588 |a Description based on publisher supplied metadata and other sources. 
590 |a Electronic reproduction. Ann Arbor, Michigan : ProQuest Ebook Central, 2024. Available via World Wide Web. Access may be limited to ProQuest Ebook Central affiliated libraries.  
655 4 |a Electronic books. 
776 0 8 |i Print version:  |a Lewerich, Ludgera  |t In Japan Liegt das Glück Auf Dem Land  |d Düsseldorf : Walter de Gruyter GmbH,c2024 
797 2 |a ProQuest (Firm) 
856 4 0 |u https://ebookcentral.proquest.com/lib/matrademy/detail.action?docID=31465762  |z Click to View